000
00233nam a2200097Ia 4500
008
240625s9999 xx 000 0 und d
041
_a
eng
082
_a
808.20 SIN
100
_a
SINGH PAYAL
245
_a
BUSINESS DEVELOPMENT AT RUPEESEED
999
_c
37748
_d
37748